000 00767nam a2200241 i 4500
001 185601
003 SpMaBN
005 20230906222456.0
008 160726s1988 sp |||| | spa d
020 _a84-7635-044-9
080 _a811.134.2'36-112
100 1 _aCano Aguilar, Rafael.
_934541
245 1 3 _aEl español a través de los tiempos /
_cRafael Cano Aguilar.
260 _aMadrid :
_bArco Libros,
_c[1988]
300 _a326 p. ;
_c21 cm.
490 1 _aEspañol para extranjeros
500 _aÍndice.
504 _aBibliografía: p. [313]-317.
650 7 _aLengua española-
_xGramática histórica.
_914164
830 0 _aEspañol para extranjeros
_9225251
852 _aES-MaACL
_jL-30475
_z. - Donat. Miguel A. Velasco
999 _c185601
_d185601